Love knows no barriers : (Record no. 4276)

MARC details
000 -LEADER
fixed length control field 00702cam a2200229 i 4500
001 - CONTROL NUMBER
control field 3211749
003 - CONTROL NUMBER IDENTIFIER
control field GBCCL
005 - DATE AND TIME OF LATEST TRANSACTION
control field 20241126110515.0
008 - FIXED-LENGTH DATA ELEMENTS--GENERAL INFORMATION
fixed length control field 790329s1979 ilu 000 0 eng
010 ## -
-- 78064506
020 ## - INTERNATIONAL STANDARD BOOK NUMBER
International Standard Book Number 0882077805 :
Terms of availability $2.25
040 ## - CATALOGING SOURCE
Original cataloging agency DLC
Transcribing agency DLC
Modifying agency DLC
050 00 -
-- BS1315.3
-- .H47
082 00 - DEWEY DECIMAL CLASSIFICATION NUMBER
Classification number 222.35077
Item number HES
100 1# - MAIN ENTRY--PERSONAL NAME
Personal name Hess, Margaret Johnston.
9 (RLIN) 8091
245 10 - TITLE STATEMENT
Title Love knows no barriers :
Remainder of title an inspirational study of the Book of Ruth /
Statement of responsibility, etc. Margaret Hess.
260 ## - PUBLICATION, DISTRIBUTION, ETC.
Place of publication, distribution, etc. Wheaton, Ill. :
Name of publisher, distributor, etc. Victor Books,
Date of publication, distribution, etc. c1979.
300 ## - PHYSICAL DESCRIPTION
Extent 143 p. ;
Dimensions 18 cm.
630 00 - SUBJECT ADDED ENTRY--UNIFORM TITLE
Uniform title Bible.
Name of part/section of a work Ruth
General subdivision Commentaries.
9 (RLIN) 4628
906 ## - LOCAL DATA ELEMENT F, LDF (RLIN)
a 7
b cbc
c orignew
d 2
e opcn
f 19
g y-gencatlg
942 ## - ADDED ENTRY ELEMENTS (KOHA)
Source of classification or shelving scheme Dewey Decimal Classification
Koha item type Books
Koha issues (borrowed), all copies 1
Holdings
Withdrawn status Lost status Source of classification or shelving scheme Damaged status Not for loan Home library Current Library Shelving location Date acquired Total checkouts Full call number Barcode Date last seen Date last checked out Copy number Price effective from Koha item type
    Dewey Decimal Classification     GRACE BIBLE COLLEGE GRACE BIBLE COLLEGE Biblical Studies 2018-01-17 1 222.35077 HES 002340 2025-05-01 2021-04-01 c.1 2018-01-17 Books
© Grace Bible College Library 2025